Teoria de Galois infinita /

Guardado en:
Autor Principal: Endler, Otto.
Autor Corporativo: Colóquio Brasileiro de Matemática
Formato: Libro
Idioma:Portuguese
Publicado: [Brasil : s.n., 1965]
Etiquetas: Agregar Etiqueta
Sin Etiquetas, Sea el primero en etiquetar este registro!
LEADER 00617nam a22001695a 4500
001 MAT.inmabb001485
008 031124s1965####bl############100#0#por#d
005 20180215120039.0
245 1 0 |a Teoria de Galois infinita /  |c Otto Endler. 
260 |a [Brasil :  |b s.n.,  |c 1965] 
300 |a v, 63 p. ;  |c 27 cm. 
500 |a 5to Colóquio Brasileiro de Matemática. Poços de Caldas, julho de 1965. 
100 1 |a Endler, Otto. 
711 2 |a Colóquio Brasileiro de Matemática  |n (5º :  |d 1965 :  |c Poços de Caldas) 
084 |a 12F10  |2 msc2000 
859 |h 12  |i En56t  |p A-1490  |b BIB. MATEMATICA 
859 |h 12  |i En56t  |p A-1817  |t Ej. 2  |b BIB. MATEMATICA